| 000 | 01030cam a22003133a 4500 | ||
|---|---|---|---|
| 001 | 31808 | ||
| 003 | PGUSA | ||
| 005 | 20140828083704.0 | ||
| 008 | 100328s2010||||xxu|||||s|||||000 | eng d | ||
| 040 |
_aPGUSA _beng |
||
| 042 | _adc | ||
| 050 | 4 | _aPR | |
| 100 | 1 |
_aShakespeare, William, _d1564-1616 |
|
| 245 | 1 | 0 |
_aΣαικσπείρου Τραγωδίαι : _bΜέρος Α'. Ρωμαίος και Ιουλιέτα _h[electronic resource] / _cWilliam Shakespeare |
| 260 |
_bProject Gutenberg, _c2010 |
||
| 506 | _aPublic domain in the USA. | ||
| 516 | _aElectronic text | ||
| 653 | _aJuliet (Fictitious character) -- Drama | ||
| 653 | _aRomeo (Fictitious character) -- Drama | ||
| 653 | _aConflict of generations -- Drama | ||
| 653 | _aVerona (Italy) -- Drama | ||
| 653 | _aVendetta -- Drama | ||
| 653 | _aYouth -- Drama | ||
| 700 | 1 |
_aVikelas, Demetrios, _d1835-1908 |
|
| 740 | 0 | _aRomeo and Juliet. Greek | |
| 830 | 0 |
_aProject Gutenberg _v31808 |
|
| 856 | 4 | 0 | _uhttp://www.gutenberg.org/ebooks/31808 |
| 942 | _cEB | ||
| 999 |
_c261063 _d261063 |
||